|
|
|
|
| LEADER |
01037nam a22002297a 4500 |
| 001 |
AAL4056 |
| 003 |
BD-DhAAL |
| 005 |
20160318184454.0 |
| 008 |
160318s 2000bg a|||| b||| 00| 0 ben d |
| 040 |
|
|
|a BD-DhAAL
|c BD-DhAAL
|
| 082 |
|
|
|2 22
|a 352.05492
|
| 999 |
|
|
|c 37144
|d 37144
|
| 999 |
|
|
|c 37143
|
| 100 |
|
|
|a খান, মোঃ আনছার আলী
|9 18592
|
| 245 |
|
|
|a পৌরসভা ম্যানুয়্যাল :
|b [ ব্যবস্থাপনা প্রক্রিয়া ও আইনসমূহ ] /
|c মোঃ আনছার আলী খান
|
| 260 |
|
|
|a ঢাকা :
|b বাংলাদেশ ল' বুক,
|c ২০০০
|
| 300 |
|
|
|a ৩৮৩ পৃ. :
|b চিত্র ;
|c ২২ সে.মি.
|
| 541 |
|
|
|e 4056
|
| 650 |
|
|
|a Local government
|z Bangladesh
|9 18593
|
| 852 |
|
|
|a Savar Campus Library
|c General Stacks
|
| 942 |
|
|
|2 ddc
|c BK
|
| 952 |
|
|
|0 0
|1 0
|2 ddc
|4 0
|6 352_054920000000000_KHA
|7 0
|9 58412
|a SCL
|b SCL
|c GEN
|d 2016-03-18
|g 250.00
|l 0
|o 352.05492 KHA
|p 3020004056
|r 2016-03-18
|t 1
|w 2016-03-18
|y BK
|